000 00920nas a2200277 4500
001 BR7907251
003 BR-BrBNA
005 20231205084011.0
007 ta
008 230509b bl.|||p| |||| 00| 00por d
040 _aBR-BrBNA
_bpor
_cBiblioteca Nacional de Agricultura
041 _a(Pt)
072 _aK10
100 1 _aGalvao, A.P.M.
100 1 _aFerreira, C.A.
100 1 _aTeixeira, L.B.
245 1 _aObservacoes sobre o comportamento de jacaranda-da-bahia (Dalbergia nigra FR. Allem)em povoamento puro na Amazonia [madeira, Vochysia maxima, Carapa guianensis, Gmelina arborea, Andiroba, Guarupa, Brasil]
650 _aJACARANDA
650 _aPLANTIO
650 _aMADEIRA
650 _aCOMPORTAMENTO DE VARIEDADE
650 _aAMAZONIA
773 0 _tIPEF (Brazil)
_xISSN 0100-4557
_g(Dec 1979), (no. 19) p. 47-59
_wBR7907251
909 _a202311
_bLúcia
_c55
_dLúcia Elande
942 _2AGRIS
_n0
_cANA
999 _c102505
_d102505